Central Library, Doon University
WEBOPAC (ONLINE PUBLIC ACCESS CATALOGUE)

Network Analysis (Record no. 60972)

MARC details
000 -LEADER
fixed length control field 00463nam a22001937a 4500
005 - DATE & TIME
control field 20260603124429.0
008 - FIXED-LENGTH DATA ELEMENTS--GENERAL INFORMATION
fixed length control field 260603b |||||||| |||| 00| 0 eng d
020 ## - ISBN
International Standard Book Number 9789353433123
Price 770.00
040 ## - CATALOGING SOURCE
Original cataloging agency Doon University
041 ## - Language
Language English
082 ## - DDC NUMBER
Classification number 621.3
Book Number VAL
100 ## - MAIN ENTRY--PERSONAL NAME
Personal name Valkenburg, M. E. Van
245 ## - TITLE STATEMENT
Title Network Analysis
250 ## - EDITION STATEMENT
Edition statement 3rd
260 ## - PUBLICATION, DISTRIBUTION, ETC. (IMPRINT)
Place of publication, distribution, etc Noida
Name of publisher, distributor, etc Pearson
Date of publication, distribution, etc 2025
300 ## - PHYSICAL DESCRIPTION
Pages 703
650 ## - Subject
Subject Physics (PM USHA
942 ## - ADDED ENTRY ELEMENTS (KOHA)
Koha item type Books
100 ## - MAIN ENTRY--PERSONAL NAME
-- 22693
650 ## - Subject
-- 26699
952 ## - LOCATION AND ITEM INFORMATION (KOHA)
-- 2026-06-03
952 ## - LOCATION AND ITEM INFORMATION (KOHA)
-- 2026-06-03
952 ## - LOCATION AND ITEM INFORMATION (KOHA)
-- 2026-06-03
Holdings
Withdrawn status Lost status Source of classification or shelving scheme Damaged status Not for loan Location (home branch) Sublocation or collection (holding branch) Date acquired Koha full call number Accession No. Koha date last seen Koha item type Koha issues (times borrowed)
        Not For Loan Doon University Doon University 03.06.2026 621.3 VAL 33268 03.06.2026 Reference  
          Doon University Doon University 03.06.2026 621.3 VAL 33269 03.06.2026 Books  
          Doon University Doon University 03.06.2026 621.3 VAL 33270 03.06.2026 Books  
Contact : +91-135-2533126 (Library),+91-135-2533105 (Admin Office) , Email : doonlibrary@gmail.com

Powered by Koha